00752nac a22002171u 4500010001600000020001500016082001800031090001500049100003400064245006700098260004200165300003400207500002600241504005100267511002400318650003500342650001600377942002000393999001500413952010600428 a 94005262 a007023689500a620.0023bGOL c9078d9078 aGoldberg, David E. 10aLife skills and leadership for engineers /cDavid E. Goldberg. aNew York :bMcGraw-Hill,1995.cc1995. axvi, 150 p. :bill. ;c21 cm. aDistributer: Al-Ahram aIncludes bibliographical references and index. aCatalogued by: Sara 0aEngineersxLife skills guides. 0aLeadership. cBBk620.0023GOL c9078d9078 00104070aMAINbMAINc1STd2013-04-08ePurchasel0o620.0023GOLp000011026r2025-07-15 00:00:00yBB